<?xml version="1.0" encoding="UTF-8"?>
<record
    xmlns:xsi="http://www.w3.org/2001/XMLSchema-instance"
    xsi:schemaLocation="http://www.loc.gov/MARC21/slim http://www.loc.gov/standards/marcxml/schema/MARC21slim.xsd"
    xmlns="http://www.loc.gov/MARC21/slim">

  <leader>00875nas a2200265 a 4500</leader>
  <controlfield tag="003">DO-SdBNP</controlfield>
  <controlfield tag="005">20250415100501.0</controlfield>
  <controlfield tag="007">ta</controlfield>
  <controlfield tag="008">250319s1968    ve w  p|r|   ||     spa d</controlfield>
  <datafield tag="022" ind1=" " ind2=" ">
    <subfield code="a">0864-0777</subfield>
  </datafield>
  <datafield tag="035" ind1=" " ind2=" ">
    <subfield code="a">(DO-SdUA)45048</subfield>
  </datafield>
  <datafield tag="040" ind1=" " ind2=" ">
    <subfield code="a">DO-SdUA</subfield>
    <subfield code="b">spa</subfield>
    <subfield code="c">DO-SdUA</subfield>
    <subfield code="d">DO-SdBNP</subfield>
    <subfield code="e">rda</subfield>
  </datafield>
  <datafield tag="041" ind1="0" ind2=" ">
    <subfield code="a">spa</subfield>
  </datafield>
  <datafield tag="245" ind1="0" ind2="0">
    <subfield code="a">Bohemia.</subfield>
  </datafield>
  <datafield tag="264" ind1=" " ind2=" ">
    <subfield code="a">La Habana : </subfield>
    <subfield code="b">[editor no identificado],</subfield>
    <subfield code="c">1968.</subfield>
  </datafield>
  <datafield tag="300" ind1=" " ind2=" ">
    <subfield code="a">volumen :</subfield>
    <subfield code="b">ilustraciones, fotograf&#xED;as ; </subfield>
    <subfield code="c">30 cm.</subfield>
  </datafield>
  <datafield tag="310" ind1=" " ind2=" ">
    <subfield code="a">Semanal.</subfield>
  </datafield>
  <datafield tag="336" ind1=" " ind2=" ">
    <subfield code="a">texto</subfield>
    <subfield code="b">txt</subfield>
    <subfield code="2">rdacontent</subfield>
  </datafield>
  <datafield tag="337" ind1=" " ind2=" ">
    <subfield code="a">sin mediaci&#xF3;n </subfield>
    <subfield code="b">n</subfield>
    <subfield code="2">rdamedia</subfield>
  </datafield>
  <datafield tag="338" ind1=" " ind2=" ">
    <subfield code="a">volumen </subfield>
    <subfield code="b">nc</subfield>
    <subfield code="2">rdacarrier</subfield>
  </datafield>
  <datafield tag="362" ind1=" " ind2=" ">
    <subfield code="a">A&#xF1;o 58. Tercera Etapa No. 284, septiembre 1968.</subfield>
  </datafield>
  <datafield tag="500" ind1=" " ind2=" ">
    <subfield code="a">Catalogaci&#xF3;n realizada de la edici&#xF3;n: A&#xF1;o 58. Tercera Etapa No. 284, septiembre 1968.</subfield>
  </datafield>
  <datafield tag="650" ind1=" " ind2="7">
    <subfield code="a">Cultura</subfield>
    <subfield code="v">Publicaciones peri&#xF3;dicas </subfield>
    <subfield code="z">Cuba</subfield>
    <subfield code="2">lemb</subfield>
    <subfield code="9">87255</subfield>
  </datafield>
  <datafield tag="942" ind1=" " ind2=" ">
    <subfield code="2">ddc</subfield>
    <subfield code="c">ISSUE</subfield>
  </datafield>
  <datafield tag="952" ind1=" " ind2=" ">
    <subfield code="0">0</subfield>
    <subfield code="1">0</subfield>
    <subfield code="2">ddc</subfield>
    <subfield code="4">0</subfield>
    <subfield code="5">6</subfield>
    <subfield code="7">0</subfield>
    <subfield code="8">SE</subfield>
    <subfield code="a">BNPHU</subfield>
    <subfield code="b">BNPHU</subfield>
    <subfield code="d">2025-03-19</subfield>
    <subfield code="h">A&#xF1;o 58. Tercera Etapa No. 284, septiembre 1968</subfield>
    <subfield code="l">0</subfield>
    <subfield code="p">2025-2120</subfield>
    <subfield code="r">2025-03-19</subfield>
    <subfield code="t">e.1</subfield>
    <subfield code="w">2025-03-19</subfield>
    <subfield code="y">ISSUE</subfield>
    <subfield code="z">Disponible para consulta en: Hemeroteca.</subfield>
  </datafield>
  <datafield tag="952" ind1=" " ind2=" ">
    <subfield code="0">0</subfield>
    <subfield code="1">0</subfield>
    <subfield code="2">ddc</subfield>
    <subfield code="4">0</subfield>
    <subfield code="5">6</subfield>
    <subfield code="7">0</subfield>
    <subfield code="8">SE</subfield>
    <subfield code="a">BNPHU</subfield>
    <subfield code="b">BNPHU</subfield>
    <subfield code="d">2025-03-21</subfield>
    <subfield code="h">A&#xF1;o 58. Tercera Etapa No. 288, octubre 1968</subfield>
    <subfield code="l">0</subfield>
    <subfield code="p">2025-2164</subfield>
    <subfield code="r">2025-03-21</subfield>
    <subfield code="t">e.1</subfield>
    <subfield code="w">2025-03-21</subfield>
    <subfield code="y">ISSUE</subfield>
    <subfield code="z">Disponible para consulta en: Hemeroteca.</subfield>
  </datafield>
  <datafield tag="952" ind1=" " ind2=" ">
    <subfield code="0">0</subfield>
    <subfield code="1">0</subfield>
    <subfield code="2">ddc</subfield>
    <subfield code="4">0</subfield>
    <subfield code="5">6</subfield>
    <subfield code="7">0</subfield>
    <subfield code="8">SE</subfield>
    <subfield code="a">BNPHU</subfield>
    <subfield code="b">BNPHU</subfield>
    <subfield code="d">2025-03-21</subfield>
    <subfield code="h">A&#xF1;o 60. Tercera Etapa No. 299, diciembre 1968</subfield>
    <subfield code="l">0</subfield>
    <subfield code="p">2025-2166</subfield>
    <subfield code="r">2025-03-21</subfield>
    <subfield code="t">e.1</subfield>
    <subfield code="w">2025-03-21</subfield>
    <subfield code="y">ISSUE</subfield>
    <subfield code="z">Disponible para consulta en: Hemeroteca.</subfield>
  </datafield>
  <datafield tag="952" ind1=" " ind2=" ">
    <subfield code="0">0</subfield>
    <subfield code="1">0</subfield>
    <subfield code="2">ddc</subfield>
    <subfield code="4">0</subfield>
    <subfield code="5">6</subfield>
    <subfield code="7">0</subfield>
    <subfield code="8">SE</subfield>
    <subfield code="a">BNPHU</subfield>
    <subfield code="b">BNPHU</subfield>
    <subfield code="d">2025-03-21</subfield>
    <subfield code="h"> No. 367, abril 1970</subfield>
    <subfield code="l">0</subfield>
    <subfield code="p">2025-2167</subfield>
    <subfield code="r">2025-03-21</subfield>
    <subfield code="t">e.1</subfield>
    <subfield code="w">2025-03-21</subfield>
    <subfield code="y">ISSUE</subfield>
    <subfield code="z">Disponible para consulta en: Hemeroteca.</subfield>
  </datafield>
  <datafield tag="952" ind1=" " ind2=" ">
    <subfield code="0">0</subfield>
    <subfield code="1">0</subfield>
    <subfield code="2">ddc</subfield>
    <subfield code="4">0</subfield>
    <subfield code="5">6</subfield>
    <subfield code="7">0</subfield>
    <subfield code="8">SE</subfield>
    <subfield code="a">BNPHU</subfield>
    <subfield code="b">BNPHU</subfield>
    <subfield code="d">2025-03-21</subfield>
    <subfield code="h">A&#xF1;o. 72, No. 35, agosto 1980</subfield>
    <subfield code="l">0</subfield>
    <subfield code="p">2025-2168</subfield>
    <subfield code="r">2025-03-21</subfield>
    <subfield code="t">e.1</subfield>
    <subfield code="w">2025-03-21</subfield>
    <subfield code="y">ISSUE</subfield>
    <subfield code="z">Disponible para consulta en: Hemeroteca.</subfield>
  </datafield>
  <datafield tag="952" ind1=" " ind2=" ">
    <subfield code="0">0</subfield>
    <subfield code="1">0</subfield>
    <subfield code="2">ddc</subfield>
    <subfield code="4">0</subfield>
    <subfield code="5">6</subfield>
    <subfield code="7">0</subfield>
    <subfield code="8">SE</subfield>
    <subfield code="a">BNPHU</subfield>
    <subfield code="b">BNPHU</subfield>
    <subfield code="d">2025-03-21</subfield>
    <subfield code="h">A&#xF1;o. 72, No. 36, septiembre 1980</subfield>
    <subfield code="l">0</subfield>
    <subfield code="p">2025-2169</subfield>
    <subfield code="r">2025-03-21</subfield>
    <subfield code="t">e.1</subfield>
    <subfield code="w">2025-03-21</subfield>
    <subfield code="y">ISSUE</subfield>
    <subfield code="z">Disponible para consulta en: Hemeroteca.</subfield>
  </datafield>
  <datafield tag="952" ind1=" " ind2=" ">
    <subfield code="0">0</subfield>
    <subfield code="1">0</subfield>
    <subfield code="2">ddc</subfield>
    <subfield code="4">0</subfield>
    <subfield code="5">6</subfield>
    <subfield code="7">0</subfield>
    <subfield code="8">SE</subfield>
    <subfield code="a">BNPHU</subfield>
    <subfield code="b">BNPHU</subfield>
    <subfield code="d">2025-03-21</subfield>
    <subfield code="h">A&#xF1;o. 72, No. 37, septiembre 1980</subfield>
    <subfield code="l">0</subfield>
    <subfield code="p">2025-2170</subfield>
    <subfield code="r">2025-03-21</subfield>
    <subfield code="t">e.1</subfield>
    <subfield code="w">2025-03-21</subfield>
    <subfield code="y">ISSUE</subfield>
    <subfield code="z">Disponible para consulta en: Hemeroteca.</subfield>
  </datafield>
  <datafield tag="952" ind1=" " ind2=" ">
    <subfield code="0">0</subfield>
    <subfield code="1">0</subfield>
    <subfield code="2">ddc</subfield>
    <subfield code="4">0</subfield>
    <subfield code="5">6</subfield>
    <subfield code="7">0</subfield>
    <subfield code="8">SE</subfield>
    <subfield code="a">BNPHU</subfield>
    <subfield code="b">BNPHU</subfield>
    <subfield code="d">2025-03-21</subfield>
    <subfield code="h">A&#xF1;o. 78, No. 29, julio 1986</subfield>
    <subfield code="l">0</subfield>
    <subfield code="p">2025-2172</subfield>
    <subfield code="r">2025-03-21</subfield>
    <subfield code="t">e.1</subfield>
    <subfield code="w">2025-03-21</subfield>
    <subfield code="y">ISSUE</subfield>
    <subfield code="z">Disponible para consulta en: Hemeroteca.</subfield>
  </datafield>
  <datafield tag="952" ind1=" " ind2=" ">
    <subfield code="0">0</subfield>
    <subfield code="1">0</subfield>
    <subfield code="2">ddc</subfield>
    <subfield code="4">0</subfield>
    <subfield code="5">6</subfield>
    <subfield code="7">0</subfield>
    <subfield code="8">SE</subfield>
    <subfield code="a">BNPHU</subfield>
    <subfield code="b">BNPHU</subfield>
    <subfield code="d">2025-03-21</subfield>
    <subfield code="h">A&#xF1;o. 78, No. 30, julio 1986</subfield>
    <subfield code="l">0</subfield>
    <subfield code="p">2025-2173</subfield>
    <subfield code="r">2025-03-21</subfield>
    <subfield code="t">e.1</subfield>
    <subfield code="w">2025-03-21</subfield>
    <subfield code="y">ISSUE</subfield>
    <subfield code="z">Disponible para consulta en: Hemeroteca.</subfield>
  </datafield>
  <datafield tag="952" ind1=" " ind2=" ">
    <subfield code="0">0</subfield>
    <subfield code="1">0</subfield>
    <subfield code="2">ddc</subfield>
    <subfield code="4">0</subfield>
    <subfield code="5">6</subfield>
    <subfield code="7">0</subfield>
    <subfield code="8">SE</subfield>
    <subfield code="a">BNPHU</subfield>
    <subfield code="b">BNPHU</subfield>
    <subfield code="d">2025-03-21</subfield>
    <subfield code="h">A&#xF1;o. 78, No. 32, agosto 1986</subfield>
    <subfield code="l">0</subfield>
    <subfield code="p">2025-2174</subfield>
    <subfield code="r">2025-03-21</subfield>
    <subfield code="t">e.1</subfield>
    <subfield code="w">2025-03-21</subfield>
    <subfield code="y">ISSUE</subfield>
    <subfield code="z">Disponible para consulta en: Hemeroteca.</subfield>
  </datafield>
  <datafield tag="952" ind1=" " ind2=" ">
    <subfield code="0">0</subfield>
    <subfield code="1">0</subfield>
    <subfield code="2">ddc</subfield>
    <subfield code="4">0</subfield>
    <subfield code="5">6</subfield>
    <subfield code="7">0</subfield>
    <subfield code="8">SE</subfield>
    <subfield code="a">BNPHU</subfield>
    <subfield code="b">BNPHU</subfield>
    <subfield code="d">2025-03-21</subfield>
    <subfield code="h">A&#xF1;o. 78, No. 33, agosto 1986</subfield>
    <subfield code="l">0</subfield>
    <subfield code="p">2025-2175</subfield>
    <subfield code="r">2025-03-21</subfield>
    <subfield code="t">e.1</subfield>
    <subfield code="w">2025-03-21</subfield>
    <subfield code="y">ISSUE</subfield>
    <subfield code="z">Disponible para consulta en: Hemeroteca.</subfield>
  </datafield>
  <datafield tag="952" ind1=" " ind2=" ">
    <subfield code="0">0</subfield>
    <subfield code="1">0</subfield>
    <subfield code="2">ddc</subfield>
    <subfield code="4">0</subfield>
    <subfield code="5">6</subfield>
    <subfield code="7">0</subfield>
    <subfield code="8">SE</subfield>
    <subfield code="a">BNPHU</subfield>
    <subfield code="b">BNPHU</subfield>
    <subfield code="d">2025-03-21</subfield>
    <subfield code="h">A&#xF1;o. 78, No. 34, agosto 1986</subfield>
    <subfield code="l">0</subfield>
    <subfield code="p">2025-2176</subfield>
    <subfield code="r">2025-03-21</subfield>
    <subfield code="t">e.1</subfield>
    <subfield code="w">2025-03-21</subfield>
    <subfield code="y">ISSUE</subfield>
    <subfield code="z">Disponible para consulta en: Hemeroteca.</subfield>
  </datafield>
  <datafield tag="952" ind1=" " ind2=" ">
    <subfield code="0">0</subfield>
    <subfield code="1">0</subfield>
    <subfield code="2">ddc</subfield>
    <subfield code="4">0</subfield>
    <subfield code="5">6</subfield>
    <subfield code="7">0</subfield>
    <subfield code="8">SE</subfield>
    <subfield code="a">BNPHU</subfield>
    <subfield code="b">BNPHU</subfield>
    <subfield code="d">2025-03-21</subfield>
    <subfield code="h">A&#xF1;o. 78, No. 31, agosto 1986</subfield>
    <subfield code="l">0</subfield>
    <subfield code="p">2025-2177</subfield>
    <subfield code="r">2025-03-21</subfield>
    <subfield code="t">e.1</subfield>
    <subfield code="w">2025-03-21</subfield>
    <subfield code="y">ISSUE</subfield>
    <subfield code="z">Disponible para consulta en: Hemeroteca.</subfield>
  </datafield>
  <datafield tag="952" ind1=" " ind2=" ">
    <subfield code="0">0</subfield>
    <subfield code="1">0</subfield>
    <subfield code="2">ddc</subfield>
    <subfield code="4">0</subfield>
    <subfield code="5">6</subfield>
    <subfield code="7">0</subfield>
    <subfield code="8">SE</subfield>
    <subfield code="a">BNPHU</subfield>
    <subfield code="b">BNPHU</subfield>
    <subfield code="d">2025-03-21</subfield>
    <subfield code="h">A&#xF1;o. 78, No. 37, septiembre 1986</subfield>
    <subfield code="l">0</subfield>
    <subfield code="p">2025-2178</subfield>
    <subfield code="r">2025-03-21</subfield>
    <subfield code="t">e.1</subfield>
    <subfield code="w">2025-03-21</subfield>
    <subfield code="y">ISSUE</subfield>
    <subfield code="z">Disponible para consulta en: Hemeroteca.</subfield>
  </datafield>
  <datafield tag="952" ind1=" " ind2=" ">
    <subfield code="0">0</subfield>
    <subfield code="1">0</subfield>
    <subfield code="2">ddc</subfield>
    <subfield code="4">0</subfield>
    <subfield code="5">6</subfield>
    <subfield code="7">0</subfield>
    <subfield code="8">SE</subfield>
    <subfield code="a">BNPHU</subfield>
    <subfield code="b">BNPHU</subfield>
    <subfield code="d">2025-03-21</subfield>
    <subfield code="h">A&#xF1;o. 78, No. 38, septiembre 1986</subfield>
    <subfield code="l">0</subfield>
    <subfield code="p">2025-2179</subfield>
    <subfield code="r">2025-03-21</subfield>
    <subfield code="t">e.1</subfield>
    <subfield code="w">2025-03-21</subfield>
    <subfield code="y">ISSUE</subfield>
    <subfield code="z">Disponible para consulta en: Hemeroteca.</subfield>
  </datafield>
  <datafield tag="952" ind1=" " ind2=" ">
    <subfield code="0">0</subfield>
    <subfield code="1">0</subfield>
    <subfield code="2">ddc</subfield>
    <subfield code="4">0</subfield>
    <subfield code="5">6</subfield>
    <subfield code="7">0</subfield>
    <subfield code="8">SE</subfield>
    <subfield code="a">BNPHU</subfield>
    <subfield code="b">BNPHU</subfield>
    <subfield code="d">2025-03-21</subfield>
    <subfield code="h">A&#xF1;o. 78, No. 39, septiembre 1986</subfield>
    <subfield code="l">0</subfield>
    <subfield code="p">2025-2180</subfield>
    <subfield code="r">2025-03-21</subfield>
    <subfield code="t">e.1</subfield>
    <subfield code="w">2025-03-21</subfield>
    <subfield code="y">ISSUE</subfield>
    <subfield code="z">Disponible para consulta en: Hemeroteca.</subfield>
  </datafield>
  <datafield tag="952" ind1=" " ind2=" ">
    <subfield code="0">0</subfield>
    <subfield code="1">0</subfield>
    <subfield code="2">ddc</subfield>
    <subfield code="4">0</subfield>
    <subfield code="5">6</subfield>
    <subfield code="7">0</subfield>
    <subfield code="8">SE</subfield>
    <subfield code="a">BNPHU</subfield>
    <subfield code="b">BNPHU</subfield>
    <subfield code="d">2025-03-21</subfield>
    <subfield code="h">A&#xF1;o. 81, No. 16, abril 1989</subfield>
    <subfield code="l">0</subfield>
    <subfield code="p">2025-2181</subfield>
    <subfield code="r">2025-03-21</subfield>
    <subfield code="t">e.1</subfield>
    <subfield code="w">2025-03-21</subfield>
    <subfield code="y">ISSUE</subfield>
    <subfield code="z">Disponible para consulta en: Hemeroteca.</subfield>
  </datafield>
  <datafield tag="952" ind1=" " ind2=" ">
    <subfield code="0">0</subfield>
    <subfield code="1">0</subfield>
    <subfield code="2">ddc</subfield>
    <subfield code="4">0</subfield>
    <subfield code="5">6</subfield>
    <subfield code="7">0</subfield>
    <subfield code="8">SE</subfield>
    <subfield code="a">BNPHU</subfield>
    <subfield code="b">BNPHU</subfield>
    <subfield code="d">2025-03-21</subfield>
    <subfield code="h">A&#xF1;o. 81, No. 17, abril 1989</subfield>
    <subfield code="l">0</subfield>
    <subfield code="p">2025-2182</subfield>
    <subfield code="r">2025-03-21</subfield>
    <subfield code="t">e.1</subfield>
    <subfield code="w">2025-03-21</subfield>
    <subfield code="y">ISSUE</subfield>
    <subfield code="z">Disponible para consulta en: Hemeroteca.</subfield>
  </datafield>
  <datafield tag="952" ind1=" " ind2=" ">
    <subfield code="0">0</subfield>
    <subfield code="1">0</subfield>
    <subfield code="2">ddc</subfield>
    <subfield code="4">0</subfield>
    <subfield code="5">6</subfield>
    <subfield code="7">0</subfield>
    <subfield code="8">SE</subfield>
    <subfield code="a">BNPHU</subfield>
    <subfield code="b">BNPHU</subfield>
    <subfield code="d">2025-03-21</subfield>
    <subfield code="h">A&#xF1;o. 81, No. 29, julio 1989</subfield>
    <subfield code="l">0</subfield>
    <subfield code="p">2025-2183</subfield>
    <subfield code="r">2025-03-21</subfield>
    <subfield code="t">e.1</subfield>
    <subfield code="w">2025-03-21</subfield>
    <subfield code="y">ISSUE</subfield>
    <subfield code="z">Disponible para consulta en: Hemeroteca.</subfield>
  </datafield>
  <datafield tag="952" ind1=" " ind2=" ">
    <subfield code="0">0</subfield>
    <subfield code="1">0</subfield>
    <subfield code="2">ddc</subfield>
    <subfield code="4">0</subfield>
    <subfield code="5">6</subfield>
    <subfield code="7">0</subfield>
    <subfield code="8">SE</subfield>
    <subfield code="a">BNPHU</subfield>
    <subfield code="b">BNPHU</subfield>
    <subfield code="d">2025-03-21</subfield>
    <subfield code="h">A&#xF1;o. 81, No. 39, septiembre 1989</subfield>
    <subfield code="l">0</subfield>
    <subfield code="p">2025-2184</subfield>
    <subfield code="r">2025-03-21</subfield>
    <subfield code="t">e.1</subfield>
    <subfield code="w">2025-03-21</subfield>
    <subfield code="y">ISSUE</subfield>
    <subfield code="z">Disponible para consulta en: Hemeroteca.</subfield>
  </datafield>
  <datafield tag="952" ind1=" " ind2=" ">
    <subfield code="0">0</subfield>
    <subfield code="1">0</subfield>
    <subfield code="2">ddc</subfield>
    <subfield code="4">0</subfield>
    <subfield code="5">6</subfield>
    <subfield code="7">0</subfield>
    <subfield code="8">SE</subfield>
    <subfield code="a">BNPHU</subfield>
    <subfield code="b">BNPHU</subfield>
    <subfield code="d">2025-03-21</subfield>
    <subfield code="h">A&#xF1;o. 81, No. 46, noviembre 1989</subfield>
    <subfield code="l">0</subfield>
    <subfield code="p">2025-2185</subfield>
    <subfield code="r">2025-03-21</subfield>
    <subfield code="t">e.1</subfield>
    <subfield code="w">2025-03-21</subfield>
    <subfield code="y">ISSUE</subfield>
    <subfield code="z">Disponible para consulta en: Hemeroteca.</subfield>
  </datafield>
  <datafield tag="952" ind1=" " ind2=" ">
    <subfield code="0">0</subfield>
    <subfield code="1">0</subfield>
    <subfield code="2">ddc</subfield>
    <subfield code="4">0</subfield>
    <subfield code="5">6</subfield>
    <subfield code="7">0</subfield>
    <subfield code="8">SE</subfield>
    <subfield code="a">BNPHU</subfield>
    <subfield code="b">BNPHU</subfield>
    <subfield code="d">2025-03-21</subfield>
    <subfield code="h">A&#xF1;o. 81, No. 48, diciembre 1989</subfield>
    <subfield code="l">0</subfield>
    <subfield code="p">2025-2186</subfield>
    <subfield code="r">2025-03-21</subfield>
    <subfield code="t">e.1</subfield>
    <subfield code="w">2025-03-21</subfield>
    <subfield code="y">ISSUE</subfield>
    <subfield code="z">Disponible para consulta en: Hemeroteca.</subfield>
  </datafield>
  <datafield tag="952" ind1=" " ind2=" ">
    <subfield code="0">0</subfield>
    <subfield code="1">0</subfield>
    <subfield code="2">ddc</subfield>
    <subfield code="4">0</subfield>
    <subfield code="5">6</subfield>
    <subfield code="7">0</subfield>
    <subfield code="8">SE</subfield>
    <subfield code="a">BNPHU</subfield>
    <subfield code="b">BNPHU</subfield>
    <subfield code="d">2025-03-21</subfield>
    <subfield code="h">A&#xF1;o. 81, No. 49, diciembre 1989</subfield>
    <subfield code="l">0</subfield>
    <subfield code="p">2025-2187</subfield>
    <subfield code="r">2025-03-21</subfield>
    <subfield code="t">e.1</subfield>
    <subfield code="w">2025-03-21</subfield>
    <subfield code="y">ISSUE</subfield>
    <subfield code="z">Disponible para consulta en: Hemeroteca.</subfield>
  </datafield>
  <datafield tag="952" ind1=" " ind2=" ">
    <subfield code="0">0</subfield>
    <subfield code="1">0</subfield>
    <subfield code="2">ddc</subfield>
    <subfield code="4">0</subfield>
    <subfield code="5">6</subfield>
    <subfield code="7">0</subfield>
    <subfield code="8">SE</subfield>
    <subfield code="a">BNPHU</subfield>
    <subfield code="b">BNPHU</subfield>
    <subfield code="d">2025-03-21</subfield>
    <subfield code="h">A&#xF1;o. 81, No. 52, diciembre 1989</subfield>
    <subfield code="l">0</subfield>
    <subfield code="p">2025-2190</subfield>
    <subfield code="r">2025-03-21</subfield>
    <subfield code="t">e.1</subfield>
    <subfield code="w">2025-03-21</subfield>
    <subfield code="y">ISSUE</subfield>
    <subfield code="z">Disponible para consulta en: Hemeroteca.</subfield>
  </datafield>
  <datafield tag="952" ind1=" " ind2=" ">
    <subfield code="0">0</subfield>
    <subfield code="1">0</subfield>
    <subfield code="2">ddc</subfield>
    <subfield code="4">0</subfield>
    <subfield code="5">6</subfield>
    <subfield code="7">0</subfield>
    <subfield code="8">SE</subfield>
    <subfield code="a">BNPHU</subfield>
    <subfield code="b">BNPHU</subfield>
    <subfield code="d">2025-03-21</subfield>
    <subfield code="h">A&#xF1;o. 82, No. 1, enero 1990</subfield>
    <subfield code="l">0</subfield>
    <subfield code="p">2025-2191</subfield>
    <subfield code="r">2025-03-21</subfield>
    <subfield code="t">e.1</subfield>
    <subfield code="w">2025-03-21</subfield>
    <subfield code="y">ISSUE</subfield>
    <subfield code="z">Disponible para consulta en: Hemeroteca.</subfield>
  </datafield>
  <datafield tag="952" ind1=" " ind2=" ">
    <subfield code="0">0</subfield>
    <subfield code="1">0</subfield>
    <subfield code="2">ddc</subfield>
    <subfield code="4">0</subfield>
    <subfield code="5">6</subfield>
    <subfield code="7">0</subfield>
    <subfield code="8">SE</subfield>
    <subfield code="a">BNPHU</subfield>
    <subfield code="b">BNPHU</subfield>
    <subfield code="d">2025-03-21</subfield>
    <subfield code="h">A&#xF1;o. 82, No. 2, enero 1990</subfield>
    <subfield code="l">0</subfield>
    <subfield code="p">2025-2192</subfield>
    <subfield code="r">2025-03-21</subfield>
    <subfield code="t">e.1</subfield>
    <subfield code="w">2025-03-21</subfield>
    <subfield code="y">ISSUE</subfield>
    <subfield code="z">Disponible para consulta en: Hemeroteca.</subfield>
  </datafield>
  <datafield tag="952" ind1=" " ind2=" ">
    <subfield code="0">0</subfield>
    <subfield code="1">0</subfield>
    <subfield code="2">ddc</subfield>
    <subfield code="4">0</subfield>
    <subfield code="5">6</subfield>
    <subfield code="7">0</subfield>
    <subfield code="8">SE</subfield>
    <subfield code="a">BNPHU</subfield>
    <subfield code="b">BNPHU</subfield>
    <subfield code="d">2025-03-21</subfield>
    <subfield code="h">A&#xF1;o. 82, No. 4, enero 1990</subfield>
    <subfield code="l">0</subfield>
    <subfield code="p">2025-2193</subfield>
    <subfield code="r">2025-03-21</subfield>
    <subfield code="t">e.1</subfield>
    <subfield code="w">2025-03-21</subfield>
    <subfield code="y">ISSUE</subfield>
    <subfield code="z">Disponible para consulta en: Hemeroteca.</subfield>
  </datafield>
  <datafield tag="952" ind1=" " ind2=" ">
    <subfield code="0">0</subfield>
    <subfield code="1">0</subfield>
    <subfield code="2">ddc</subfield>
    <subfield code="4">0</subfield>
    <subfield code="5">6</subfield>
    <subfield code="7">0</subfield>
    <subfield code="8">SE</subfield>
    <subfield code="a">BNPHU</subfield>
    <subfield code="b">BNPHU</subfield>
    <subfield code="d">2025-03-21</subfield>
    <subfield code="h">A&#xF1;o. 91, No. 3, enero 1999</subfield>
    <subfield code="l">0</subfield>
    <subfield code="p">2025-2196</subfield>
    <subfield code="r">2025-03-21</subfield>
    <subfield code="t">e.1</subfield>
    <subfield code="w">2025-03-21</subfield>
    <subfield code="y">ISSUE</subfield>
    <subfield code="z">Disponible para consulta en: Hemeroteca.</subfield>
  </datafield>
  <datafield tag="952" ind1=" " ind2=" ">
    <subfield code="0">0</subfield>
    <subfield code="1">0</subfield>
    <subfield code="2">ddc</subfield>
    <subfield code="4">0</subfield>
    <subfield code="5">6</subfield>
    <subfield code="7">0</subfield>
    <subfield code="8">SE</subfield>
    <subfield code="a">BNPHU</subfield>
    <subfield code="b">BNPHU</subfield>
    <subfield code="d">2025-03-21</subfield>
    <subfield code="h">A&#xF1;o. 92, No. 18, agosto 1999</subfield>
    <subfield code="l">0</subfield>
    <subfield code="p">2025-2199</subfield>
    <subfield code="r">2025-03-21</subfield>
    <subfield code="t">e.1</subfield>
    <subfield code="w">2025-03-21</subfield>
    <subfield code="y">ISSUE</subfield>
    <subfield code="z">Disponible para consulta en: Hemeroteca.</subfield>
  </datafield>
  <datafield tag="952" ind1=" " ind2=" ">
    <subfield code="0">0</subfield>
    <subfield code="1">0</subfield>
    <subfield code="2">ddc</subfield>
    <subfield code="4">0</subfield>
    <subfield code="5">6</subfield>
    <subfield code="7">0</subfield>
    <subfield code="8">SE</subfield>
    <subfield code="a">BNPHU</subfield>
    <subfield code="b">BNPHU</subfield>
    <subfield code="d">2025-03-21</subfield>
    <subfield code="h">A&#xF1;o. 92, No. 19, septiembre 2000</subfield>
    <subfield code="l">0</subfield>
    <subfield code="p">2025-2200</subfield>
    <subfield code="r">2025-03-21</subfield>
    <subfield code="t">e.1</subfield>
    <subfield code="w">2025-03-21</subfield>
    <subfield code="y">ISSUE</subfield>
    <subfield code="z">Disponible para consulta en: Hemeroteca.</subfield>
  </datafield>
  <datafield tag="952" ind1=" " ind2=" ">
    <subfield code="0">0</subfield>
    <subfield code="1">0</subfield>
    <subfield code="2">ddc</subfield>
    <subfield code="4">0</subfield>
    <subfield code="5">6</subfield>
    <subfield code="7">0</subfield>
    <subfield code="8">SE</subfield>
    <subfield code="a">BNPHU</subfield>
    <subfield code="b">BNPHU</subfield>
    <subfield code="d">2025-03-21</subfield>
    <subfield code="h">A&#xF1;o. 92, No. 19, septiembre 2000</subfield>
    <subfield code="l">0</subfield>
    <subfield code="p">2025-2201</subfield>
    <subfield code="r">2025-03-21</subfield>
    <subfield code="t">e.2</subfield>
    <subfield code="w">2025-03-21</subfield>
    <subfield code="y">ISSUE</subfield>
    <subfield code="z">Disponible para consulta en: Hemeroteca.</subfield>
  </datafield>
  <datafield tag="952" ind1=" " ind2=" ">
    <subfield code="0">0</subfield>
    <subfield code="1">0</subfield>
    <subfield code="2">ddc</subfield>
    <subfield code="4">0</subfield>
    <subfield code="5">6</subfield>
    <subfield code="7">0</subfield>
    <subfield code="8">SE</subfield>
    <subfield code="a">BNPHU</subfield>
    <subfield code="b">BNPHU</subfield>
    <subfield code="d">2025-03-21</subfield>
    <subfield code="h">A&#xF1;o. 92, No. 20, septiembre 2000</subfield>
    <subfield code="l">0</subfield>
    <subfield code="p">2025-2202</subfield>
    <subfield code="r">2025-03-21</subfield>
    <subfield code="t">e.1</subfield>
    <subfield code="w">2025-03-21</subfield>
    <subfield code="y">ISSUE</subfield>
    <subfield code="z">Disponible para consulta en: Hemeroteca.</subfield>
  </datafield>
  <datafield tag="952" ind1=" " ind2=" ">
    <subfield code="0">0</subfield>
    <subfield code="1">0</subfield>
    <subfield code="2">ddc</subfield>
    <subfield code="4">0</subfield>
    <subfield code="5">6</subfield>
    <subfield code="7">0</subfield>
    <subfield code="8">SE</subfield>
    <subfield code="a">BNPHU</subfield>
    <subfield code="b">BNPHU</subfield>
    <subfield code="d">2025-03-21</subfield>
    <subfield code="h">A&#xF1;o. 92, No. 20, septiembre 2000</subfield>
    <subfield code="l">0</subfield>
    <subfield code="p">2025-2203</subfield>
    <subfield code="r">2025-03-21</subfield>
    <subfield code="t">e.2</subfield>
    <subfield code="w">2025-03-21</subfield>
    <subfield code="y">ISSUE</subfield>
    <subfield code="z">Disponible para consulta en: Hemeroteca.</subfield>
  </datafield>
  <datafield tag="952" ind1=" " ind2=" ">
    <subfield code="0">0</subfield>
    <subfield code="1">0</subfield>
    <subfield code="2">ddc</subfield>
    <subfield code="4">0</subfield>
    <subfield code="5">6</subfield>
    <subfield code="7">0</subfield>
    <subfield code="8">SE</subfield>
    <subfield code="a">BNPHU</subfield>
    <subfield code="b">BNPHU</subfield>
    <subfield code="d">2025-03-21</subfield>
    <subfield code="h">A&#xF1;o. 92, No. 21, octubre 2000</subfield>
    <subfield code="l">0</subfield>
    <subfield code="p">2025-2205</subfield>
    <subfield code="r">2025-03-21</subfield>
    <subfield code="t">e.1</subfield>
    <subfield code="w">2025-03-21</subfield>
    <subfield code="y">ISSUE</subfield>
    <subfield code="z">Disponible para consulta en: Hemeroteca.</subfield>
  </datafield>
  <datafield tag="952" ind1=" " ind2=" ">
    <subfield code="0">0</subfield>
    <subfield code="1">0</subfield>
    <subfield code="2">ddc</subfield>
    <subfield code="4">0</subfield>
    <subfield code="5">6</subfield>
    <subfield code="7">0</subfield>
    <subfield code="8">SE</subfield>
    <subfield code="a">BNPHU</subfield>
    <subfield code="b">BNPHU</subfield>
    <subfield code="d">2025-03-21</subfield>
    <subfield code="h">A&#xF1;o. 92, No. 21, octubre 2000</subfield>
    <subfield code="l">0</subfield>
    <subfield code="p">2025-2206</subfield>
    <subfield code="r">2025-03-21</subfield>
    <subfield code="t">e.2</subfield>
    <subfield code="w">2025-03-21</subfield>
    <subfield code="y">ISSUE</subfield>
    <subfield code="z">Disponible para consulta en: Hemeroteca.</subfield>
  </datafield>
  <datafield tag="952" ind1=" " ind2=" ">
    <subfield code="0">0</subfield>
    <subfield code="1">0</subfield>
    <subfield code="2">ddc</subfield>
    <subfield code="4">0</subfield>
    <subfield code="5">6</subfield>
    <subfield code="7">0</subfield>
    <subfield code="8">SE</subfield>
    <subfield code="a">BNPHU</subfield>
    <subfield code="b">BNPHU</subfield>
    <subfield code="d">2025-03-21</subfield>
    <subfield code="h">A&#xF1;o. 92, No. 23, noviembre 2000</subfield>
    <subfield code="l">0</subfield>
    <subfield code="p">2025-2207</subfield>
    <subfield code="r">2025-03-21</subfield>
    <subfield code="t">e.1</subfield>
    <subfield code="w">2025-03-21</subfield>
    <subfield code="y">ISSUE</subfield>
    <subfield code="z">Disponible para consulta en: Hemeroteca.</subfield>
  </datafield>
  <datafield tag="952" ind1=" " ind2=" ">
    <subfield code="0">0</subfield>
    <subfield code="1">0</subfield>
    <subfield code="2">ddc</subfield>
    <subfield code="4">0</subfield>
    <subfield code="5">6</subfield>
    <subfield code="7">0</subfield>
    <subfield code="8">SE</subfield>
    <subfield code="a">BNPHU</subfield>
    <subfield code="b">BNPHU</subfield>
    <subfield code="d">2025-03-21</subfield>
    <subfield code="h">A&#xF1;o. 92, No. 23, noviembre 2000</subfield>
    <subfield code="l">0</subfield>
    <subfield code="p">2025-2208</subfield>
    <subfield code="r">2025-03-21</subfield>
    <subfield code="t">e.2</subfield>
    <subfield code="w">2025-03-21</subfield>
    <subfield code="y">ISSUE</subfield>
    <subfield code="z">Disponible para consulta en: Hemeroteca.</subfield>
  </datafield>
  <datafield tag="952" ind1=" " ind2=" ">
    <subfield code="0">0</subfield>
    <subfield code="1">0</subfield>
    <subfield code="2">ddc</subfield>
    <subfield code="4">0</subfield>
    <subfield code="5">6</subfield>
    <subfield code="7">0</subfield>
    <subfield code="8">SE</subfield>
    <subfield code="a">BNPHU</subfield>
    <subfield code="b">BNPHU</subfield>
    <subfield code="d">2025-03-21</subfield>
    <subfield code="h">A&#xF1;o. 92, No. 25, diciembre 2000</subfield>
    <subfield code="l">0</subfield>
    <subfield code="p">2025-2209</subfield>
    <subfield code="r">2025-03-21</subfield>
    <subfield code="t">e.1</subfield>
    <subfield code="w">2025-03-21</subfield>
    <subfield code="y">ISSUE</subfield>
    <subfield code="z">Disponible para consulta en: Hemeroteca.</subfield>
  </datafield>
  <datafield tag="952" ind1=" " ind2=" ">
    <subfield code="0">0</subfield>
    <subfield code="1">0</subfield>
    <subfield code="2">ddc</subfield>
    <subfield code="4">0</subfield>
    <subfield code="5">6</subfield>
    <subfield code="7">0</subfield>
    <subfield code="8">SE</subfield>
    <subfield code="a">BNPHU</subfield>
    <subfield code="b">BNPHU</subfield>
    <subfield code="d">2025-03-21</subfield>
    <subfield code="h">A&#xF1;o. 93, No. 2, enero 2001</subfield>
    <subfield code="l">0</subfield>
    <subfield code="p">2025-2213</subfield>
    <subfield code="r">2025-03-21</subfield>
    <subfield code="t">e.1</subfield>
    <subfield code="w">2025-03-21</subfield>
    <subfield code="y">ISSUE</subfield>
    <subfield code="z">Disponible para consulta en: Hemeroteca.</subfield>
  </datafield>
  <datafield tag="952" ind1=" " ind2=" ">
    <subfield code="0">0</subfield>
    <subfield code="1">0</subfield>
    <subfield code="2">ddc</subfield>
    <subfield code="4">0</subfield>
    <subfield code="5">6</subfield>
    <subfield code="7">0</subfield>
    <subfield code="8">SE</subfield>
    <subfield code="a">BNPHU</subfield>
    <subfield code="b">BNPHU</subfield>
    <subfield code="d">2025-03-21</subfield>
    <subfield code="h">A&#xF1;o. 93, No. 2, enero 2001</subfield>
    <subfield code="l">0</subfield>
    <subfield code="p">2025-2214</subfield>
    <subfield code="r">2025-03-21</subfield>
    <subfield code="t">e.2</subfield>
    <subfield code="w">2025-03-21</subfield>
    <subfield code="y">ISSUE</subfield>
    <subfield code="z">Disponible para consulta en: Hemeroteca.</subfield>
  </datafield>
  <datafield tag="952" ind1=" " ind2=" ">
    <subfield code="0">0</subfield>
    <subfield code="1">0</subfield>
    <subfield code="2">ddc</subfield>
    <subfield code="4">0</subfield>
    <subfield code="5">6</subfield>
    <subfield code="7">0</subfield>
    <subfield code="8">SE</subfield>
    <subfield code="a">BNPHU</subfield>
    <subfield code="b">BNPHU</subfield>
    <subfield code="d">2025-03-21</subfield>
    <subfield code="h">A&#xF1;o. 93, No. 3, febrero 2001</subfield>
    <subfield code="l">0</subfield>
    <subfield code="p">2025-2215</subfield>
    <subfield code="r">2025-03-21</subfield>
    <subfield code="t">e.1</subfield>
    <subfield code="w">2025-03-21</subfield>
    <subfield code="y">ISSUE</subfield>
    <subfield code="z">Disponible para consulta en: Hemeroteca.</subfield>
  </datafield>
  <datafield tag="952" ind1=" " ind2=" ">
    <subfield code="0">0</subfield>
    <subfield code="1">0</subfield>
    <subfield code="2">ddc</subfield>
    <subfield code="4">0</subfield>
    <subfield code="5">6</subfield>
    <subfield code="7">0</subfield>
    <subfield code="8">SE</subfield>
    <subfield code="a">BNPHU</subfield>
    <subfield code="b">BNPHU</subfield>
    <subfield code="d">2025-03-21</subfield>
    <subfield code="h">A&#xF1;o. 93, No. 3, febrero 2001</subfield>
    <subfield code="l">0</subfield>
    <subfield code="p">2025-2216</subfield>
    <subfield code="r">2025-03-21</subfield>
    <subfield code="t">e.2</subfield>
    <subfield code="w">2025-03-21</subfield>
    <subfield code="y">ISSUE</subfield>
    <subfield code="z">Disponible para consulta en: Hemeroteca.</subfield>
  </datafield>
  <datafield tag="952" ind1=" " ind2=" ">
    <subfield code="0">0</subfield>
    <subfield code="1">0</subfield>
    <subfield code="2">ddc</subfield>
    <subfield code="4">0</subfield>
    <subfield code="5">6</subfield>
    <subfield code="7">0</subfield>
    <subfield code="8">SE</subfield>
    <subfield code="a">BNPHU</subfield>
    <subfield code="b">BNPHU</subfield>
    <subfield code="d">2025-03-21</subfield>
    <subfield code="h">A&#xF1;o. 93, No. 5, marzo 2001</subfield>
    <subfield code="l">0</subfield>
    <subfield code="p">2025-2217</subfield>
    <subfield code="r">2025-03-21</subfield>
    <subfield code="t">e.1</subfield>
    <subfield code="w">2025-03-21</subfield>
    <subfield code="y">ISSUE</subfield>
    <subfield code="z">Disponible para consulta en: Hemeroteca.</subfield>
  </datafield>
  <datafield tag="952" ind1=" " ind2=" ">
    <subfield code="0">0</subfield>
    <subfield code="1">0</subfield>
    <subfield code="2">ddc</subfield>
    <subfield code="4">0</subfield>
    <subfield code="5">6</subfield>
    <subfield code="7">0</subfield>
    <subfield code="8">SE</subfield>
    <subfield code="a">BNPHU</subfield>
    <subfield code="b">BNPHU</subfield>
    <subfield code="d">2025-03-21</subfield>
    <subfield code="h">A&#xF1;o. 93, No. 12, junio 2001</subfield>
    <subfield code="l">0</subfield>
    <subfield code="p">2025-2218</subfield>
    <subfield code="r">2025-03-21</subfield>
    <subfield code="t">e.1</subfield>
    <subfield code="w">2025-03-21</subfield>
    <subfield code="y">ISSUE</subfield>
    <subfield code="z">Disponible para consulta en: Hemeroteca.</subfield>
  </datafield>
  <datafield tag="952" ind1=" " ind2=" ">
    <subfield code="0">0</subfield>
    <subfield code="1">0</subfield>
    <subfield code="2">ddc</subfield>
    <subfield code="4">0</subfield>
    <subfield code="5">6</subfield>
    <subfield code="7">0</subfield>
    <subfield code="8">SE</subfield>
    <subfield code="a">BNPHU</subfield>
    <subfield code="b">BNPHU</subfield>
    <subfield code="d">2025-03-21</subfield>
    <subfield code="h">A&#xF1;o. 93, No. 12, junio 2001</subfield>
    <subfield code="l">0</subfield>
    <subfield code="p">2025-2219</subfield>
    <subfield code="r">2025-03-21</subfield>
    <subfield code="t">e.2</subfield>
    <subfield code="w">2025-03-21</subfield>
    <subfield code="y">ISSUE</subfield>
    <subfield code="z">Disponible para consulta en: Hemeroteca.</subfield>
  </datafield>
  <datafield tag="952" ind1=" " ind2=" ">
    <subfield code="0">0</subfield>
    <subfield code="1">0</subfield>
    <subfield code="2">ddc</subfield>
    <subfield code="4">0</subfield>
    <subfield code="5">6</subfield>
    <subfield code="7">0</subfield>
    <subfield code="8">SE</subfield>
    <subfield code="a">BNPHU</subfield>
    <subfield code="b">BNPHU</subfield>
    <subfield code="d">2025-03-21</subfield>
    <subfield code="h">A&#xF1;o. 93, No. 19, septiembre 2001</subfield>
    <subfield code="l">0</subfield>
    <subfield code="p">2025-2220</subfield>
    <subfield code="r">2025-03-21</subfield>
    <subfield code="t">e.1</subfield>
    <subfield code="w">2025-03-21</subfield>
    <subfield code="y">ISSUE</subfield>
    <subfield code="z">Disponible para consulta en: Hemeroteca.</subfield>
  </datafield>
  <datafield tag="952" ind1=" " ind2=" ">
    <subfield code="0">0</subfield>
    <subfield code="1">0</subfield>
    <subfield code="2">ddc</subfield>
    <subfield code="4">0</subfield>
    <subfield code="5">6</subfield>
    <subfield code="7">0</subfield>
    <subfield code="8">SE</subfield>
    <subfield code="a">BNPHU</subfield>
    <subfield code="b">BNPHU</subfield>
    <subfield code="d">2025-03-21</subfield>
    <subfield code="h">A&#xF1;o. 93, No. 19, septiembre 2001</subfield>
    <subfield code="l">0</subfield>
    <subfield code="p">2025-2221</subfield>
    <subfield code="r">2025-03-21</subfield>
    <subfield code="t">e.2</subfield>
    <subfield code="w">2025-03-21</subfield>
    <subfield code="y">ISSUE</subfield>
    <subfield code="z">Disponible para consulta en: Hemeroteca.</subfield>
  </datafield>
  <datafield tag="952" ind1=" " ind2=" ">
    <subfield code="0">0</subfield>
    <subfield code="1">0</subfield>
    <subfield code="2">ddc</subfield>
    <subfield code="4">0</subfield>
    <subfield code="5">6</subfield>
    <subfield code="7">0</subfield>
    <subfield code="8">SE</subfield>
    <subfield code="a">BNPHU</subfield>
    <subfield code="b">BNPHU</subfield>
    <subfield code="d">2025-03-21</subfield>
    <subfield code="h">A&#xF1;o. 93, No. 23, noviembre 2001</subfield>
    <subfield code="l">0</subfield>
    <subfield code="p">2025-2222</subfield>
    <subfield code="r">2025-03-21</subfield>
    <subfield code="t">e.1</subfield>
    <subfield code="w">2025-03-21</subfield>
    <subfield code="y">ISSUE</subfield>
    <subfield code="z">Disponible para consulta en: Hemeroteca.</subfield>
  </datafield>
  <datafield tag="952" ind1=" " ind2=" ">
    <subfield code="0">0</subfield>
    <subfield code="1">0</subfield>
    <subfield code="2">ddc</subfield>
    <subfield code="4">0</subfield>
    <subfield code="5">6</subfield>
    <subfield code="7">0</subfield>
    <subfield code="8">SE</subfield>
    <subfield code="a">BNPHU</subfield>
    <subfield code="b">BNPHU</subfield>
    <subfield code="d">2025-03-21</subfield>
    <subfield code="h">A&#xF1;o. 93, No. 23, noviembre 2001</subfield>
    <subfield code="l">0</subfield>
    <subfield code="p">2025-2223</subfield>
    <subfield code="r">2025-03-21</subfield>
    <subfield code="t">e.2</subfield>
    <subfield code="w">2025-03-21</subfield>
    <subfield code="y">ISSUE</subfield>
    <subfield code="z">Disponible para consulta en: Hemeroteca.</subfield>
  </datafield>
  <datafield tag="952" ind1=" " ind2=" ">
    <subfield code="0">0</subfield>
    <subfield code="1">0</subfield>
    <subfield code="2">ddc</subfield>
    <subfield code="4">0</subfield>
    <subfield code="5">6</subfield>
    <subfield code="7">0</subfield>
    <subfield code="8">SE</subfield>
    <subfield code="a">BNPHU</subfield>
    <subfield code="b">BNPHU</subfield>
    <subfield code="d">2025-03-21</subfield>
    <subfield code="h">A&#xF1;o. 93, No. 24, noviembre 2001</subfield>
    <subfield code="l">0</subfield>
    <subfield code="p">2025-2224</subfield>
    <subfield code="r">2025-03-21</subfield>
    <subfield code="t">e.1</subfield>
    <subfield code="w">2025-03-21</subfield>
    <subfield code="y">ISSUE</subfield>
    <subfield code="z">Disponible para consulta en: Hemeroteca.</subfield>
  </datafield>
  <datafield tag="952" ind1=" " ind2=" ">
    <subfield code="0">0</subfield>
    <subfield code="1">0</subfield>
    <subfield code="2">ddc</subfield>
    <subfield code="4">0</subfield>
    <subfield code="5">6</subfield>
    <subfield code="7">0</subfield>
    <subfield code="8">SE</subfield>
    <subfield code="a">BNPHU</subfield>
    <subfield code="b">BNPHU</subfield>
    <subfield code="d">2025-03-21</subfield>
    <subfield code="h">A&#xF1;o. 93, No. 24, noviembre 2001</subfield>
    <subfield code="l">0</subfield>
    <subfield code="p">2025-2225</subfield>
    <subfield code="r">2025-03-21</subfield>
    <subfield code="t">e.2</subfield>
    <subfield code="w">2025-03-21</subfield>
    <subfield code="y">ISSUE</subfield>
    <subfield code="z">Disponible para consulta en: Hemeroteca.</subfield>
  </datafield>
  <datafield tag="952" ind1=" " ind2=" ">
    <subfield code="0">0</subfield>
    <subfield code="1">0</subfield>
    <subfield code="2">ddc</subfield>
    <subfield code="4">0</subfield>
    <subfield code="5">6</subfield>
    <subfield code="7">0</subfield>
    <subfield code="8">SE</subfield>
    <subfield code="a">BNPHU</subfield>
    <subfield code="b">BNPHU</subfield>
    <subfield code="d">2025-03-21</subfield>
    <subfield code="h">A&#xF1;o. 93, No. 25, diciembre 2001</subfield>
    <subfield code="l">0</subfield>
    <subfield code="p">2025-2226</subfield>
    <subfield code="r">2025-03-21</subfield>
    <subfield code="t">e.1</subfield>
    <subfield code="w">2025-03-21</subfield>
    <subfield code="y">ISSUE</subfield>
    <subfield code="z">Disponible para consulta en: Hemeroteca.</subfield>
  </datafield>
  <datafield tag="952" ind1=" " ind2=" ">
    <subfield code="0">0</subfield>
    <subfield code="1">0</subfield>
    <subfield code="2">ddc</subfield>
    <subfield code="4">0</subfield>
    <subfield code="5">6</subfield>
    <subfield code="7">0</subfield>
    <subfield code="8">SE</subfield>
    <subfield code="a">BNPHU</subfield>
    <subfield code="b">BNPHU</subfield>
    <subfield code="d">2025-03-21</subfield>
    <subfield code="h">A&#xF1;o. 93, No. 26, diciembre 2001</subfield>
    <subfield code="l">0</subfield>
    <subfield code="p">2025-2227</subfield>
    <subfield code="r">2025-03-21</subfield>
    <subfield code="t">e.1</subfield>
    <subfield code="w">2025-03-21</subfield>
    <subfield code="y">ISSUE</subfield>
    <subfield code="z">Disponible para consulta en: Hemeroteca.</subfield>
  </datafield>
  <datafield tag="952" ind1=" " ind2=" ">
    <subfield code="0">0</subfield>
    <subfield code="1">0</subfield>
    <subfield code="2">ddc</subfield>
    <subfield code="4">0</subfield>
    <subfield code="5">6</subfield>
    <subfield code="7">0</subfield>
    <subfield code="8">SE</subfield>
    <subfield code="a">BNPHU</subfield>
    <subfield code="b">BNPHU</subfield>
    <subfield code="d">2025-03-21</subfield>
    <subfield code="h">A&#xF1;o. 93, No. 26, diciembre 2001</subfield>
    <subfield code="l">0</subfield>
    <subfield code="p">2025-2228</subfield>
    <subfield code="r">2025-03-21</subfield>
    <subfield code="t">e.2</subfield>
    <subfield code="w">2025-03-21</subfield>
    <subfield code="y">ISSUE</subfield>
    <subfield code="z">Disponible para consulta en: Hemeroteca.</subfield>
  </datafield>
  <datafield tag="999" ind1=" " ind2=" ">
    <subfield code="c">58485</subfield>
    <subfield code="d">58485</subfield>
  </datafield>
</record>
